Software engineeing (Record no. 5688)

MARC details
000 -LEADER
fixed length control field 00486nam a2200169Ia 4500
003 - CONTROL NUMBER IDENTIFIER
control field SGT
020 ## - INTERNATIONAL STANDARD BOOK NUMBER
International Standard Book Number 9788131762165
082 ## - DEWEY DECIMAL CLASSIFICATION NUMBER
Classification number 5.1
Item number SOM
100 ## - MAIN ENTRY--PERSONAL NAME
Personal name Sommerville,Ian
245 ## - TITLE STATEMENT
Title Software engineeing
250 ## - EDITION STATEMENT
Edition statement 9th . Ed.
260 ## - PUBLICATION, DISTRIBUTION, ETC. (IMPRINT)
Name of publisher, distributor, etc Pearson
Place of publication, distribution, etc N.Delhi
Year of Publication 2013
300 ## - PAGE DESCRIPTION
No. of Pages 773p.
650 ## - SUBJECT ADDED ENTRY--TOPICAL TERM
Topical term or geographic name as entry element COMPUTER SCIENCE
653 ## - KEYWORDS--INDEX TERM
Keyword term INTEGRATION WITH THE WEB,READERSHIP,INTRODUCTION TO SOFTWARE ENGINEERING,DEPENDABILITY AND SECURITY,ADVANCED SOFTWARE ENGINEERING
942 ## - ADDED ENTRY ELEMENTS (KOHA)
Source of classification or shelving scheme Dewey Decimal Classification
Koha item type Books
942 ## - ADDED ENTRY ELEMENTS (KOHA)
-- 2
Holdings
Withdrawn status Lost status Source of classification or shelving scheme Damaged status Not for loan Home library Current library Date acquired SGTU Total Checkouts Full call number Accession No. (Barcode) Date last seen Date last borrowed Bill Date Koha item type Use restrictions Shelving location
    Dewey Decimal Classification     SGT Engineering Library SGT Engineering Library 31/01/2014 SGTU 3 5.1 SOM FE6264 29/02/2024 16/02/2024 09/02/2015 Books    
    Dewey Decimal Classification     SGT Engineering Library SGT Engineering Library 31/01/2014 SGTU 4 5.1 SOM FE6265 21/01/2021 04/03/2020 09/02/2015 Books    
    Dewey Decimal Classification     SGT Engineering Library SGT Engineering Library 31/01/2014 SGTU 7 5.1 SOM FE6266 19/09/2025 11/09/2025 09/02/2015 Books    
    Dewey Decimal Classification   Not For Loan SGT Engineering Library SGT Engineering Library 31/01/2014 SGTU   5.1 SOM FE6267 09/02/2015   09/02/2015 Books Restricted Access Reference Book